[Event "Elit(Kungstornet-Manhem)"]
[Site "?"]
[Date "2017.03.26"]
[Round "9"]
[White "Andersson, Fredrik"]
[Black "Al Waeli, Laith"]
[Result "1-0"]
[WhiteElo "2259"]
[BlackElo "2075"]
[PlyCount "52"]

1. d4 Nf6 2. c4 e6 3. Nf3 b6 4. g3 Bb7 5. Bg2 Be7 6. O-O O-O 7. Re1 d6 8. Nc3
c5 9. e4 cxd4 10. Nxd4 a6 11. e5 dxe5 12. Bxb7 Ra7 13. Nc6 Qxd1 14. Nxe7+ Kh8
15. Rxd1 Rxb7 16. b3 Re8 17. Ba3 b5 18. Bd6 Nbd7 19. c5 Nxc5 20. Bxc5 b4 21.
Na4 Ne4 22. Nc6 Nxc5 23. Nxc5 Rc7 24. Nxe5 Rxc5 25. Nxf7+ Kg8 26. Nd6 Rf8 1-0

[Event "Elit(Rockaden,Umea-Malmo)"]
[Site "?"]
[Date "2017.03.26"]
[Round "9"]
[White "Jobava, Baadur"]
[Black "Petrov, Marijan"]
[Result "1/2-1/2"]
[WhiteElo "2701"]
[BlackElo "2484"]
[PlyCount "107"]

1. d4 g6 2. e4 Bg7 3. Nc3 d6 4. h4 Nf6 5. Be2 h5 6. Nf3 Nc6 7. Bg5 O-O 8. Qd2
a6 9. a3 Bg4 10. d5 Nb8 11. Bh6 c6 12. Bxg7 Kxg7 13. Ng5 Bxe2 14. Qxe2 cxd5 15.
Nxd5 Nxd5 16. exd5 Qa5+ 17. Qd2 Qxd2+ 18. Kxd2 Nd7 19. Rae1 Rfe8 20. Rh3 Nf6
21. Rd3 Rac8 22. Ne4 Rc4 23. Nxf6 Kxf6 24. g3 e5 25. dxe6 Rxe6 26. Rxe6+ Kxe6
27. Re3+ Kd7 28. Kd3 b5 29. Re4 Rc8 30. c4 d5 31. cxd5 Rc5 32. Rf4 f5 33. Rd4
Kd6 34. Ke3 Rc2 35. Kf4 Rxf2+ 36. Kg5 Rxb2 37. Kxg6 Rb3 38. a4 Rxg3+ 39. Kxf5
Re3 40. axb5 axb5 41. Re4 Rd3 42. Re8 Rxd5+ 43. Ke4 Rc5 44. Kd3 Rc4 45. Rb8 Kc5
46. Rc8+ Kb4 47. Rxc4+ bxc4+ 48. Kc2 Kc5 49. Kc3 Kd5 50. Kc2 Ke4 51. Kc3 Kf4
52. Kxc4 Kg4 53. Kd3 Kxh4 54. Ke2 1/2-1/2

[Event "Elit(Rockaden,Umea-Malmo)"]
[Site "?"]
[Date "2017.03.26"]
[Round "9"]
[White "Wickstrom, Lucas"]
[Black "Meier, Georg"]
[Result "1/2-1/2"]
[WhiteElo "2365"]
[BlackElo "2630"]
[PlyCount "104"]

1. d4 Nf6 2. Bg5 d5 3. Bxf6 exf6 4. e3 Bd6 5. g3 c6 6. Bg2 Nd7 7. Ne2 O-O 8.
O-O Nb6 9. b3 Qe7 10. Re1 Re8 11. a3 Bg4 12. Qd3 Qe6 13. Nd2 Bf5 14. Qc3 h5 15.
Qb2 Bg4 16. Rac1 Qe7 17. Nb1 Bf5 18. Qa2 Rad8 19. c4 dxc4 20. bxc4 c5 21. Nbc3
g6 22. Nb5 Bb8 23. dxc5 Qxc5 24. Nbd4 Be4 25. Bxe4 Rxe4 26. Red1 Ree8 27. a4
Be5 28. a5 Nc8 29. a6 Re7 30. Nb5 Red7 31. Rxd7 Rxd7 32. axb7 Rxb7 33. Ned4 Nd6
34. Qa6 Rd7 35. Qc6 Qxc6 36. Nxc6 Nxb5 37. cxb5 Rb7 38. Nxe5 fxe5 39. Rc5 e4
40. f3 exf3 41. Kf2 Kf8 42. Kxf3 Ke7 43. Ke4 Kd7 44. Kd4 Rb6 45. Rd5+ Kc7 46.
Rc5+ Kd7 47. Rd5+ Ke6 48. Re5+ Kf6 49. Rc5 Rd6+ 50. Ke4 a6 51. bxa6 Rxa6 52. h4
Rb6 1/2-1/2

[Event "Elit(Rockaden,Umea-Malmo)"]
[Site "?"]
[Date "2017.03.26"]
[Round "9"]
[White "Hillarp Persson, Tiger"]
[Black "Malmstig, Erik"]
[Result "1-0"]
[WhiteElo "2505"]
[BlackElo "2310"]
[PlyCount "73"]

1. c4 e5 2. g3 d6 3. Nc3 f5 4. d4 Be7 5. Bg2 Nf6 6. e3 c6 7. Nge2 O-O 8. O-O
Na6 9. d5 c5 10. e4 Nc7 11. exf5 Bxf5 12. h3 h5 13. Kh2 Rb8 14. a4 a6 15. a5 b5
16. axb6 Rxb6 17. Ra3 Qe8 18. f4 Nd7 19. Ne4 Qg6 20. Re3 Rfb8 21. fxe5 Nxe5 22.
Nf4 Qh7 23. b3 h4 24. g4 Bg6 25. Kh1 Ne8 26. Nxc5 Bc2 27. Qe1 Nf6 28. g5 Nh5
29. Nxh5 Qxh5 30. Nd7 Nxd7 31. Rxe7 Nc5 32. Qc3 Qg6 33. Rff7 Qxf7 34. Rxf7 Kxf7
35. Qxc2 Rxb3 36. Bf4 Ke7 37. Qg6 1-0

[Event "Elit(Rockaden,Umea-Malmo)"]
[Site "?"]
[Date "2017.03.26"]
[Round "9"]
[White "Lindgren, Mats"]
[Black "Markovic, Miroslav"]
[Result "0-1"]
[WhiteElo "2241"]
[BlackElo "2465"]
[PlyCount "86"]

1. e4 c6 2. d4 d5 3. exd5 cxd5 4. c4 Nf6 5. Nc3 Nc6 6. Nf3 Bg4 7. cxd5 Nxd5 8.
Qb3 Bxf3 9. gxf3 e6 10. Qxb7 Nxd4 11. Bb5+ Nxb5 12. Qc6+ Ke7 13. Qxb5 Qd7 14.
Nxd5+ Qxd5 15. Bg5+ f6 16. Qxd5 exd5 17. Be3 Ke6 18. O-O-O Bb4 19. Kb1 Rhd8 20.
a3 Ba5 21. b4 Bc7 22. Rc1 Rd7 23. Rhd1 Kf5 24. Rxd5+ Rxd5 25. Rxc7 a5 26. Rxg7
axb4 27. axb4 Rb8 28. Rxh7 Rxb4+ 29. Kc2 Rc4+ 30. Kb3 Rc8 31. Rh5+ Ke6 32. Rxd5
Kxd5 33. Kb4 Rh8 34. Kc3 Rh3 35. f4 Ke4 36. Kd2 Kf3 37. Kd3 Rxh2 38. Kd4 Rh5
39. Kd3 Rd5+ 40. Kc4 Rd7 41. Kc3 f5 42. Kc4 Ke4 43. Kb5 Rd3 0-1

[Event "Elit(Rockaden,Umea-Malmo)"]
[Site "?"]
[Date "2017.03.26"]
[Round "9"]
[White "Andersson, Ulf"]
[Black "Eriksson, Jorgen"]
[Result "1-0"]
[WhiteElo "2516"]
[BlackElo "2220"]
[PlyCount "97"]

1. Nf3 Nf6 2. c4 g6 3. g3 Bg7 4. Bg2 O-O 5. O-O d6 6. d4 Nc6 7. Nc3 a6 8. b3
Rb8 9. Bb2 Bf5 10. Rc1 Qd7 11. Re1 Bh3 12. e4 Bxg2 13. Kxg2 Nh5 14. d5 Ne5 15.
Nxe5 Bxe5 16. f4 Bg7 17. Qf3 Bh6 18. Rc2 e6 19. Ne2 Bg7 20. e5 Bh8 21. g4 Ng7
22. Ng3 Ne8 23. Rce2 c6 24. dxc6 bxc6 25. Ba3 c5 26. Rd1 Qc7 27. Ne4 Qa5 28.
Bb2 Qxa2 29. Rd3 d5 30. cxd5 c4 31. Bd4 Qxe2+ 32. Qxe2 cxd3 33. Qxd3 exd5 34.
Nc5 Nc7 35. f5 Rfe8 36. e6 Bxd4 37. exf7+ Kxf7 38. fxg6+ hxg6 39. Qxd4 Ne6 40.
Qxd5 Rbd8 41. Qf3+ Kg7 42. Qc3+ Nd4 43. Ne6+ Rxe6 44. Qc7+ Kh6 45. Qxd8 Ne2 46.
Kf3 Ng1+ 47. Kg2 Ne2 48. h4 Kg7 49. Kf2 1-0

[Event "Elit(Rockaden,Umea-Malmo)"]
[Site "?"]
[Date "2017.03.26"]
[Round "9"]
[White "Lindgren, Fredrik"]
[Black "Gajic, Mladen"]
[Result "1/2-1/2"]
[WhiteElo "2232"]
[BlackElo "2364"]
[PlyCount "114"]

1. d4 Nf6 2. Nf3 c5 3. c3 b6 4. g3 Bb7 5. Bg2 g6 6. O-O Bg7 7. Qb3 Qc7 8. Ne5
O-O 9. Bxb7 Qxb7 10. dxc5 Qe4 11. cxb6 axb6 12. Nd3 Qxe2 13. Nf4 Qa6 14. Nd5
Nxd5 15. Qxd5 e6 16. Qd6 b5 17. Rd1 Nc6 18. Bf4 Rfe8 19. Nd2 Bf8 20. Qd3 d5 21.
Nb3 e5 22. Be3 Red8 23. Nc5 Qc8 24. b4 Rb8 25. Bg5 e4 26. Qe2 Ne5 27. Nxe4 dxe4
28. Rxd8 Nf3+ 29. Qxf3 exf3 30. Rxc8 Rxc8 31. Bf6 Rc6 32. Bd4 Bg7 33. Bxg7 Kxg7
34. Rc1 g5 35. Kf1 g4 36. Rc2 Kf6 37. Ke1 Ke5 38. Kd2 Rh6 39. c4 Kd4 40. cxb5
Rxh2 41. Kc1 f5 42. a4 f4 43. b6 fxg3 44. b7 gxf2 45. Rxf2 Rxf2 46. b8=Q Rg2
47. Qd6+ Ke3 48. Qe5+ Kf2 49. b5 Rg1+ 50. Kd2 g3 51. b6 Rb1 52. a5 g2 53. Qe3+
Kg3 54. Qg5+ Kf2 55. Qe3+ Kg3 56. Qg5+ Kf2 57. Qe3+ Kg3 1/2-1/2

[Event "Elit(Rockaden,Umea-Malmo)"]
[Site "?"]
[Date "2017.03.26"]
[Round "9"]
[White "Agrest, Inna"]
[Black "Mardell, Jimmy"]
[Result "1/2-1/2"]
[WhiteElo "2273"]
[BlackElo "2147"]
[PlyCount "115"]

1. e4 c5 2. Nf3 d6 3. d4 cxd4 4. Nxd4 Nf6 5. Nc3 g6 6. Be3 Bg7 7. f3 O-O 8. Qd2
Nc6 9. Bc4 Bd7 10. Bb3 Nxd4 11. Bxd4 b5 12. a4 b4 13. Nd5 Nxd5 14. Bxg7 Kxg7
15. exd5 Qb6 16. Rd1 a5 17. Qd4+ Qxd4 18. Rxd4 Rac8 19. Kd2 Rc5 20. Re1 Re8 21.
g4 h6 22. Re3 Kf8 23. Rde4 f5 24. Rd4 Kf7 25. gxf5 Bxf5 26. Bc4 Rec8 27. b3 Kf6
28. Re2 R8c7 29. h4 h5 30. Rf4 Kg7 31. Rd4 Kf6 32. c3 bxc3+ 33. Kxc3 Rb7 34.
Rf4 e5 35. dxe6 Re5 36. Rd2 Ke7 37. Rd5 Bxe6 38. Rxe5 dxe5 39. Re4 Bxc4 40.
Rxc4 Kd6 41. f4 exf4 42. Rxf4 Ke5 43. Rc4 Kd5 44. b4 axb4+ 45. Rxb4 Rc7+ 46.
Kd3 Rc1 47. Ke3 Kc5 48. Rf4 Kd5 49. Kf3 Ke5 50. Re4+ Kf5 51. Rb4 Rc3+ 52. Ke2
Ra3 53. Kf2 g5 54. Rb5+ Kg4 55. Rb4+ Kf5 56. Rb5+ Kg4 57. Rb4+ Kf5 58. Rb5+
1/2-1/2

[Event "Elit(Rockaden,Umea-Malmo)"]
[Site "?"]
[Date "2017.03.26"]
[Round "9"]
[White "Nygren, David"]
[Black "Lindahl, Jonas"]
[Result "1-0"]
[WhiteElo "2199"]
[BlackElo "2105"]
[PlyCount "123"]

1. e4 g6 2. Nf3 d6 3. Nc3 Bg7 4. d4 e5 5. Bc4 Nd7 6. Bxf7+ Kxf7 7. Ng5+ Ke8 8.
Ne6 Qe7 9. Nd5 Qxe6 10. Nxc7+ Ke7 11. Nxe6 Kxe6 12. dxe5 dxe5 13. Qd5+ Ke7 14.
Bg5+ Ngf6 15. O-O-O h6 16. Bxf6+ Bxf6 17. f4 exf4 18. Qd6+ Kf7 19. Qxf4 Re8 20.
Rhf1 Kg8 21. Qxh6 Bg7 22. Qxg6 Re7 23. Rd5 a5 24. Qg5 Re8 25. Rxa5 Rxa5 26.
Qxa5 Nf6 27. e5 Ng4 28. Qd5+ Kh8 29. e6 Ne5 30. e7 Kh7 31. Rf8 Bh6+ 32. Kb1
Bxf8 33. exf8=Q Rxf8 34. b3 Re8 35. Qb5 Re7 36. Qc5 Re8 37. Qf2 Kg6 38. h3 Bf5
39. g4 Be4 40. Qf4 Nf3 41. Kb2 Ne1 42. Qd6+ Kf7 43. Qf4+ Kg8 44. Qg5+ Kf8 45.
Qh6+ Kf7 46. Qh5+ Bg6 47. Qd5+ Kf8 48. Qd6+ Kf7 49. g5 Re6 50. Qf4+ Ke8 51.
Qb8+ Kf7 52. Qxb7+ Ke8 53. Qd5 Ke7 54. Qb7+ Ke8 55. h4 Bxc2 56. h5 Be4 57. Qb8+
Kd7 58. Qa7+ Kc8 59. g6 Rc6 60. g7 Rc2+ 61. Ka3 Rg2 62. Qc5+ 1-0

[Event "Elit(Limhamn-Farsta)"]
[Site "?"]
[Date "2017.03.26"]
[Round "9"]
[White "Ernst, Thomas"]
[Black "Jepson, Christian"]
[Result "1/2-1/2"]
[WhiteElo "2369"]
[BlackElo "2427"]
[PlyCount "46"]

1. e4 e5 2. Nf3 Nc6 3. Bb5 a6 4. Ba4 Nf6 5. O-O b5 6. Bb3 Bb7 7. Re1 Bc5 8. c3
d6 9. d4 Bb6 10. Bg5 h6 11. Bh4 g5 12. Bg3 O-O 13. h4 g4 14. Nh2 h5 15. Qc1 Kh7
16. Bc2 Rg8 17. Nf1 Rg6 18. Ne3 exd4 19. Nd5 d3 20. Bxd3 Ne5 21. Bc2 Ba7 22.
Nf4 Rg8 23. Nd2 Qf8 1/2-1/2

[Event "Elit(Limhamn-Farsta)"]
[Site "?"]
[Date "2017.03.26"]
[Round "9"]
[White "Hector, Jonny"]
[Black "Urkedal, Frode"]
[Result "1/2-1/2"]
[WhiteElo "2499"]
[BlackElo "2557"]
[PlyCount "74"]

1. e4 e5 2. f4 exf4 3. Bc4 Qh4+ 4. Kf1 Nf6 5. Nc3 Ng4 6. Nh3 f3 7. d4 fxg2+ 8.
Kxg2 Qxh3+ 9. Kxh3 Nf2+ 10. Kg2 Nxd1 11. Nd5 Nxb2 12. Bxb2 Kd8 13. Rhf1 f6 14.
Nf4 c6 15. e5 d5 16. exd6 Bxd6 17. Nh5 b5 18. Bb3 Bb7 19. Kh3 Re8 20. Rae1 Bf8
21. Rxe8+ Kxe8 22. Rg1 Bc8+ 23. Kh4 g5+ 24. Kg3 Nd7 25. Rf1 Bd6+ 26. Kg2 Bb7
27. Kh3 Kd8 28. Nxf6 Nxf6 29. Rxf6 Kc7 30. Rf7+ Kb6 31. Rxh7 Re8 32. Kg4 a5 33.
c4 bxc4 34. Bxc4 Re1 35. Bb3 Re2 36. Bc3 Rg2+ 37. Kf3 Rxh2 1/2-1/2

[Event "Elit(Limhamn-Farsta)"]
[Site "?"]
[Date "2017.03.26"]
[Round "9"]
[White "Sammalvuo, Tapani"]
[Black "Brynell, Stellan"]
[Result "1/2-1/2"]
[WhiteElo "2437"]
[BlackElo "2441"]
[PlyCount "82"]

1. d4 e6 2. c4 Nf6 3. Nf3 b6 4. g3 Bb7 5. Bg2 Be7 6. Nc3 Ne4 7. Bd2 O-O 8. O-O
f5 9. d5 Bf6 10. Rc1 Na6 11. a3 Nac5 12. b4 Bxc3 13. Bxc3 Nxc3 14. Rxc3 Ne4 15.
Rd3 Qf6 16. Qc2 a5 17. Nd4 axb4 18. axb4 c5 19. dxc6 dxc6 20. Nb3 Qe7 21. f3
Nf6 22. c5 Nd5 23. cxb6 Nxb4 24. Qc5 Qxc5+ 25. Nxc5 Nxd3 26. exd3 Rfb8 27. f4
Ra5 28. d4 Rb5 29. Nxb7 Rxb7 30. Bxc6 R7xb6 31. Bxb5 Rxb5 32. Ra1 Kf7 33. Ra2
h6 34. h4 Rb3 35. Kf2 Rd3 36. Ra7+ Kf6 37. Rd7 g6 38. Kg2 Rd2+ 39. Kf3 Rd3+ 40.
Kf2 Rd2+ 41. Ke3 Rg2 1/2-1/2

[Event "Elit(Limhamn-Farsta)"]
[Site "?"]
[Date "2017.03.26"]
[Round "9"]
[White "Lindgren, Philip"]
[Black "Lundin, Jan"]
[Result "1-0"]
[WhiteElo "2421"]
[BlackElo "2276"]
[PlyCount "97"]

1. d4 d5 2. c4 dxc4 3. e4 e5 4. Nf3 exd4 5. Bxc4 Nc6 6. O-O Be6 7. Bb5 Bc5 8.
b4 Bb6 9. a4 a6 10. Bxc6+ bxc6 11. a5 Ba7 12. Bb2 Nf6 13. Bxd4 Nxe4 14. Re1 Nf6
15. Nc3 O-O 16. Bxa7 Rxa7 17. Nd4 Qd6 18. Na4 Rb7 19. Nxe6 fxe6 20. Qxd6 cxd6
21. Rxe6 Rd8 22. Nb6 Nd5 23. Nxd5 cxd5 24. Rb1 Kf7 25. Re3 Rc8 26. Kf1 Rc4 27.
Rbe1 Rf4 28. g3 Rf5 29. Re6 Rf6 30. Re8 d4 31. Ra8 d5 32. Rd8 Rf5 33. Rd6 Rxb4
34. Rd7+ Kg8 35. Re8+ Rf8 36. Ree7 Rb1+ 37. Kg2 Rfb8 38. Rxg7+ Kh8 39. Rxh7+
Kg8 40. Rh5 R8b5 41. Rhxd5 Rxd5 42. Rxd5 Ra1 43. Rxd4 Rxa5 44. Rd7 Kf8 45. Ra7
Ke8 46. h4 Kd8 47. g4 Kc8 48. h5 Kb8 49. Rg7 1-0

[Event "Elit(Limhamn-Farsta)"]
[Site "?"]
[Date "2017.03.26"]
[Round "9"]
[White "Jaderberg, Bjorn"]
[Black "Johansson, Linus"]
[Result "0-1"]
[WhiteElo "2156"]
[BlackElo "2408"]
[PlyCount "114"]

1. Nf3 c5 2. b3 Nc6 3. Bb2 d5 4. e3 a6 5. c4 d4 6. d3 e5 7. e4 Bd6 8. g3 g5 9.
Be2 h5 10. Bc1 Be7 11. h3 Be6 12. Bd2 h4 13. g4 f6 14. Na3 Bd6 15. Kf1 Nge7 16.
Ne1 Ng6 17. f3 Qb8 18. Ng2 b5 19. Qc1 Rh7 20. Kf2 Rb7 21. Re1 Kf7 22. Rf1 Be7
23. Rg1 Na7 24. Qc2 Nc8 25. Rgc1 Bd8 26. Qd1 Nd6 27. Rcb1 Bb6 28. Kf1 Qd8 29.
Qe1 Rab8 30. Bd1 Ne7 31. Qe2 Ba5 32. Rc1 bxc4 33. Nxc4 Bxc4 34. dxc4 Bxd2 35.
Qxd2 Ng6 36. Bc2 Ne8 37. Kg1 Ng7 38. Kh2 Ne6 39. Bd3 a5 40. Rab1 Ngf4 41. Rb2
Nxg2 42. Kxg2 Nf4+ 43. Kh2 a4 44. Rcb1 Kg6 45. Bf1 a3 46. Rc2 d3 47. Rc3 Qd4
48. Kh1 Rd7 49. Rcc1 Rbd8 50. Re1 Ne2 51. Bxe2 Qf2 52. Rf1 dxe2 53. Rxf2 Rxd2
54. Re1 Rxa2 55. Rfxe2 Rxe2 56. Rxe2 Rd1+ 57. Kg2 Rb1 0-1

[Event "Elit(Limhamn-Farsta)"]
[Site "?"]
[Date "2017.03.26"]
[Round "9"]
[White "Schneider, Stefan"]
[Black "Hjelm, Niclas"]
[Result "1/2-1/2"]
[WhiteElo "2345"]
[BlackElo "2356"]
[PlyCount "79"]

1. d4 d5 2. c4 c6 3. Nf3 Nf6 4. e3 Bf5 5. Nc3 e6 6. Nh4 Bg6 7. Qb3 Qc7 8. Nxg6
hxg6 9. g3 Be7 10. Bg2 Nbd7 11. O-O O-O 12. Bd2 Nb6 13. cxd5 cxd5 14. Rfc1 Nc4
15. Be1 Qd7 16. e4 Na5 17. Qd1 dxe4 18. Nxe4 Nxe4 19. Bxe4 Nc6 20. d5 exd5 21.
Qxd5 Qxd5 22. Bxd5 Bf6 23. Bxc6 bxc6 24. Rc2 Rab8 25. Rb1 c5 26. b3 Bd4 27. Kf1
Rfe8 28. Rd1 Rbd8 29. Ba5 Rd5 30. Re1 Kf8 31. Ree2 Rxe2 32. Rxe2 Re5 33. Rc2
Ke7 34. Bc7 Re6 35. Bb8 a6 36. Ba7 Rc6 37. b4 Kd6 38. Ke2 Kd5 39. bxc5 Bxc5 40.
Bb8 1/2-1/2

[Event "Elit(Limhamn-Farsta)"]
[Site "?"]
[Date "2017.03.26"]
[Round "9"]
[White "Livner, Anders"]
[Black "Penalver, Osmani"]
[Result "1-0"]
[WhiteElo "2322"]
[BlackElo "2245"]
[PlyCount "121"]

1. c4 e5 2. g3 Nf6 3. Bg2 d5 4. cxd5 Nxd5 5. Nc3 Nb6 6. Nf3 Nc6 7. O-O Be7 8.
Rb1 O-O 9. b4 Nxb4 10. Nxe5 Bf5 11. Rb2 Qd4 12. a3 Qxe5 13. axb4 Nc4 14. Rb3
Rfd8 15. d3 c6 16. Qc2 Nb6 17. Bb2 Qe6 18. Ne4 Bxe4 19. Bxe4 Nd5 20. b5 c5 21.
Qc4 Qd7 22. Ra1 Nb6 23. Qc3 Bf8 24. Rba3 Qxb5 25. Bxb7 Na4 26. Rxa4 Qxb7 27.
Rg4 f5 28. Rga4 Re8 29. Qc2 Bd6 30. Bc1 Qe7 31. Be3 f4 32. gxf4 Qh4 33. Qc4+
Kh8 34. Qd5 Qg4+ 35. Kf1 Rad8 36. Qg2 Qh5 37. Rxa7 Bf8 38. Ra8 c4 39. dxc4 Rd6
40. Rxe8 Qxe8 41. Qf3 Qd7 42. Kg2 Rg6+ 43. Kh1 Qf5 44. Rg1 Rxg1+ 45. Kxg1 Qb1+
46. Kg2 Qg6+ 47. Qg3 Qe4+ 48. Qf3 Qg6+ 49. Kh3 Qe6+ 50. Qg4 Qxc4 51. f5 Qa6 52.
Bd4 Qh6+ 53. Kg2 Bd6 54. h3 Be7 55. e4 Bg5 56. e5 Qc6+ 57. Qf3 Qe8 58. f6 Kg8
59. Qd5+ Kh8 60. f7 Qc8 61. Bc5 1-0

[Event "Elit(Limhamn-Farsta)"]
[Site "?"]
[Date "2017.03.26"]
[Round "9"]
[White "Tadjerbashi, Amir"]
[Black "Namini, Armin"]
[Result "0-1"]
[WhiteElo "2206"]
[BlackElo "2110"]
[PlyCount "80"]

1. e4 c5 2. Nf3 d6 3. d4 Nf6 4. Nc3 cxd4 5. Nxd4 Nc6 6. g3 g6 7. Nde2 Bg7 8.
Bg2 O-O 9. O-O Rb8 10. a4 a6 11. h3 Bd7 12. Bg5 Ne5 13. Qc1 Re8 14. Bh6 Bh8 15.
Nd5 Nxd5 16. exd5 Rc8 17. Rd1 Qc7 18. Nd4 Nc4 19. b3 Qc5 20. c3 Nb6 21. Ne2
Bxc3 22. Nxc3 Qxc3 23. Qf4 Bf5 24. g4 Bc2 25. Re1 Nd7 26. Rac1 Qxb3 27. Qd4 f6
28. f4 Kf7 29. Re2 Rc4 30. Qf2 Bd3 31. Rxc4 Qxc4 32. Re3 b5 33. axb5 axb5 34.
Kh2 b4 35. Qe1 Nc5 36. Qh4 b3 37. f5 Rh8 38. Qe1 Re8 39. Qh4 Kg8 40. Qxf6 exf6
0-1